| 000 | 00000nas 2200000za 4500 |
| 001 | 9.844315 |
| 003 | CaOODSP |
| 005 | 20221107152722 |
| 007 | cr ||||||||||| |
| 008 | 170921d19111916oncar p oss f0###a0eng|d |
| 040 | |aCaOODSP|beng |
| 043 | |an-cn--- |
| 086 | 1 |aCS52-204E-PDF |
| 245 | 00|aExpress statistics of the Dominion of Canada for the year ended June 30, ... |h[electronic resource]. |
| 260 | |aOttawa : |bDepartment of Railways and Canals ; printed by C.H. Parmeler, printer to the King's Most Excellent Majesty,|c1912-1917. |
| 310 | |aAnnual |
| 362 | 0 |a1911-1916. |
| 500 | |aDigitized edition from print [produced by Statistics Canada]. |
| 500 | |aSessional paper no. 20e. |
| 692 | 07|2gccst|aRail transport |
| 710 | 1 |aCanada.|bDepartment of Railways and Canals. |
| 785 | 00|tExpress statistics for ... |w(CaOODSP)9.817426 |